000 01397nam a22002057a 4500
003 JO-AjAnu
005 20250323100317.0
008 250317b jo ||||| |||| 00| 0 ara d
040 _aJO-AjAnu
_bara
_cJO-AjAnu
_dJO-AjAnu
_erda
041 _aara
_hara
050 _aLB1028.3
_b2025
100 1 _aبني اسماعيل، رائد عبدالكريم محمد
_eمعد
_966531
245 0 _aإمكانية توظيف تطبيقات الذكاء الاصطناعي تقنية مساندة للتعلم الفردي للطلبة ذوي صعوبات التعلم من وحهة نظر المعلمين = The Possibility of Employing Artificial Intelligence Applications a Tachnology that Supports Individual Learning for Students with Learning Disabilities : A View of Teachers /
_cاعداد رائد عبدالكريم محمد بني اسماعيل ؛ اشراف برهان محمود حمادنة
260 _c2025
300 _a81 ورقة
504 _aرسالة جامعية ( رسالة ماجستير في صعوبات التعلم) - جامعة عجلون الوطنية، (عجلون، الاردن) - كلية العلوم التربوية، قسم التربية الخاصة، 2025.
650 0 _aالتعليم الالكتروني - الذكاء الاصطناعي - التعليم.
_966532
700 1 _aحمادنة، برهان محمود
_eمشرف
_966032
942 _2lcc
_cTHS
_n0
999 _c33909
_d33909